Logic toán

Đã lưu trong:
Sonraí Bibleagrafaíochta
Príomhúdar: S L Edenmar
Formáid: Leabhar
Teanga:Undetermined
Foilsithe: Hà Nội Giáo dục 1981
Ábhair:
Clibeanna: Cuir Clib Leis
Gan Chlibeanna, Bí ar an gcéad duine leis an taifead seo a chlibeáil!
Thư viện lưu trữ: Trung tâm Học liệu Trường Đại học Cần Thơ
LEADER 00477nam a2200169Ia 4500
001 CTU_1142
008 210402s9999 xx 000 0 und d
082 |a 511.3 
082 |b E22 
100 |a S L Edenmar 
245 0 |a Logic toán 
245 0 |c S L Edenmar; Dịch giả: Nguyễn Mạnh Quý 
260 |a Hà Nội 
260 |b Giáo dục 
260 |c 1981 
650 |a logic, symbolic and mathematical 
980 |a Trung tâm Học liệu Trường Đại học Cần Thơ